000
00355nam a2200133Ia 4500
003
GCL
008
140319s9999 xx 000 0 ara d
040
_a
GCL /
_c
GCL
082
0
4
_a
953.31
_b
ج ع
245
1
0
_a
عدن فرضة اليمن
260
_a
[S.N] :
_b
مركز الدراسات والبحوث اليمنى ،
_c
1990
300
_a
253 ص
490
_a
999
_c
35535
_d
35535